000 00332nam a2200109Ia 4500
005 20251222154428.0
008 251222s9999||||xx |||||||||||||| ||spa||
082 _a338.925/I49
100 _a"Indacochea Cáceda, Alejandro"
245 0 _aPrivatizar la privatización y reflexiones sobre el nuevo orden económico mundial
942 _cLIB
999 _c36308
_d36308